<?xml version="1.0" encoding="UTF-8"?>
<record
    xmlns:xsi="http://www.w3.org/2001/XMLSchema-instance"
    xsi:schemaLocation="http://www.loc.gov/MARC21/slim http://www.loc.gov/standards/marcxml/schema/MARC21slim.xsd"
    xmlns="http://www.loc.gov/MARC21/slim">

  <leader>00649nam a22002057a 4500</leader>
  <controlfield tag="008">111108t        xxu||||| |||| 00| 0 eng d</controlfield>
  <datafield tag="020" ind1=" " ind2=" ">
    <subfield code="a">0077096150</subfield>
  </datafield>
  <datafield tag="050" ind1=" " ind2=" ">
    <subfield code="a">HB171.5.B35</subfield>
  </datafield>
  <datafield tag="100" ind1=" " ind2=" ">
    <subfield code="a">Begg, David</subfield>
  </datafield>
  <datafield tag="245" ind1=" " ind2=" ">
    <subfield code="a">Economics /</subfield>
    <subfield code="c">David Begg</subfield>
  </datafield>
  <datafield tag="250" ind1=" " ind2=" ">
    <subfield code="a">6th ed.</subfield>
  </datafield>
  <datafield tag="260" ind1=" " ind2=" ">
    <subfield code="a">London:</subfield>
    <subfield code="b">McGraw-Hill,</subfield>
    <subfield code="c">c2000.</subfield>
  </datafield>
  <datafield tag="300" ind1=" " ind2=" ">
    <subfield code="a">xvii, 634p.:</subfield>
    <subfield code="b">ills.</subfield>
    <subfield code="c">27cm.</subfield>
  </datafield>
  <datafield tag="500" ind1=" " ind2=" ">
    <subfield code="a">Includes bibliographical references and index.</subfield>
  </datafield>
  <datafield tag="505" ind1=" " ind2=" ">
    <subfield code="a">Contents: Introduction -- Positive microeconomics -- Welfare economics -- Macroeconomics -- The World economy.</subfield>
  </datafield>
  <datafield tag="650" ind1=" " ind2=" ">
    <subfield code="a">Economics</subfield>
  </datafield>
  <datafield tag="700" ind1=" " ind2=" ">
    <subfield code="a">Fischer, Stanley</subfield>
  </datafield>
  <datafield tag="700" ind1=" " ind2=" ">
    <subfield code="a">Dornbusch, Rudiger</subfield>
  </datafield>
  <datafield tag="942" ind1=" " ind2=" ">
    <subfield code="2">lcc</subfield>
    <subfield code="c">BK</subfield>
  </datafield>
  <datafield tag="999" ind1=" " ind2=" ">
    <subfield code="c">243</subfield>
    <subfield code="d">7743</subfield>
  </datafield>
  <datafield tag="952" ind1=" " ind2=" ">
    <subfield code="0">0</subfield>
    <subfield code="1">0</subfield>
    <subfield code="2">lcc</subfield>
    <subfield code="4">0</subfield>
    <subfield code="7">0</subfield>
    <subfield code="a">WIUC-1</subfield>
    <subfield code="b">WIUC-1</subfield>
    <subfield code="c">GEN</subfield>
    <subfield code="d">2011-11-08</subfield>
    <subfield code="l">0</subfield>
    <subfield code="o">HB171.5.B35</subfield>
    <subfield code="p">694/11</subfield>
    <subfield code="r">2011-11-08 00:00:00</subfield>
    <subfield code="t">1</subfield>
    <subfield code="w">2011-11-08</subfield>
    <subfield code="y">BK</subfield>
  </datafield>
  <datafield tag="952" ind1=" " ind2=" ">
    <subfield code="0">0</subfield>
    <subfield code="1">0</subfield>
    <subfield code="2">lcc</subfield>
    <subfield code="4">0</subfield>
    <subfield code="7">0</subfield>
    <subfield code="a">WIUC-1</subfield>
    <subfield code="b">WIUC-1</subfield>
    <subfield code="c">GEN</subfield>
    <subfield code="d">2011-11-08</subfield>
    <subfield code="l">0</subfield>
    <subfield code="o">HB171.5.B351</subfield>
    <subfield code="p">695/11</subfield>
    <subfield code="r">2011-11-08 00:00:00</subfield>
    <subfield code="t">2</subfield>
    <subfield code="w">2011-11-08</subfield>
    <subfield code="y">BK</subfield>
  </datafield>
  <datafield tag="952" ind1=" " ind2=" ">
    <subfield code="0">0</subfield>
    <subfield code="1">0</subfield>
    <subfield code="2">lcc</subfield>
    <subfield code="4">0</subfield>
    <subfield code="7">0</subfield>
    <subfield code="a">WIUC-1</subfield>
    <subfield code="b">WIUC-1</subfield>
    <subfield code="c">GEN</subfield>
    <subfield code="d">2011-11-08</subfield>
    <subfield code="l">0</subfield>
    <subfield code="o">HB171.5.B352</subfield>
    <subfield code="p">696/11</subfield>
    <subfield code="r">2011-11-08 00:00:00</subfield>
    <subfield code="t">3</subfield>
    <subfield code="w">2011-11-08</subfield>
    <subfield code="y">BK</subfield>
  </datafield>
  <datafield tag="952" ind1=" " ind2=" ">
    <subfield code="0">0</subfield>
    <subfield code="1">0</subfield>
    <subfield code="2">lcc</subfield>
    <subfield code="4">0</subfield>
    <subfield code="7">0</subfield>
    <subfield code="a">WIUC-1</subfield>
    <subfield code="b">WIUC-1</subfield>
    <subfield code="c">GEN</subfield>
    <subfield code="d">2011-11-08</subfield>
    <subfield code="l">0</subfield>
    <subfield code="o">HB171.5.B353</subfield>
    <subfield code="p">697/11</subfield>
    <subfield code="r">2011-11-08 00:00:00</subfield>
    <subfield code="t">4</subfield>
    <subfield code="w">2011-11-08</subfield>
    <subfield code="y">BK</subfield>
  </datafield>
  <datafield tag="952" ind1=" " ind2=" ">
    <subfield code="0">0</subfield>
    <subfield code="1">0</subfield>
    <subfield code="2">lcc</subfield>
    <subfield code="4">0</subfield>
    <subfield code="7">0</subfield>
    <subfield code="a">WIUC-1</subfield>
    <subfield code="b">WIUC-1</subfield>
    <subfield code="c">GEN</subfield>
    <subfield code="d">2011-11-08</subfield>
    <subfield code="l">0</subfield>
    <subfield code="o">HB171.5.B354</subfield>
    <subfield code="p">698/11</subfield>
    <subfield code="r">2011-11-08 00:00:00</subfield>
    <subfield code="t">5</subfield>
    <subfield code="w">2011-11-08</subfield>
    <subfield code="y">BK</subfield>
  </datafield>
  <datafield tag="952" ind1=" " ind2=" ">
    <subfield code="0">0</subfield>
    <subfield code="1">0</subfield>
    <subfield code="2">lcc</subfield>
    <subfield code="4">0</subfield>
    <subfield code="7">0</subfield>
    <subfield code="a">WIUC-1</subfield>
    <subfield code="b">WIUC-1</subfield>
    <subfield code="c">GEN</subfield>
    <subfield code="d">2011-11-08</subfield>
    <subfield code="l">0</subfield>
    <subfield code="o">HB171.5.B355</subfield>
    <subfield code="p">699/11</subfield>
    <subfield code="r">2011-11-08 00:00:00</subfield>
    <subfield code="t">6</subfield>
    <subfield code="w">2011-11-08</subfield>
    <subfield code="y">BK</subfield>
  </datafield>
  <datafield tag="952" ind1=" " ind2=" ">
    <subfield code="0">0</subfield>
    <subfield code="1">0</subfield>
    <subfield code="2">lcc</subfield>
    <subfield code="4">0</subfield>
    <subfield code="7">0</subfield>
    <subfield code="a">WIUC-1</subfield>
    <subfield code="b">WIUC-1</subfield>
    <subfield code="c">GEN</subfield>
    <subfield code="d">2011-11-08</subfield>
    <subfield code="l">0</subfield>
    <subfield code="o">HB171.5.B356</subfield>
    <subfield code="p">700/11</subfield>
    <subfield code="r">2011-11-08 00:00:00</subfield>
    <subfield code="t">7</subfield>
    <subfield code="w">2011-11-08</subfield>
    <subfield code="y">BK</subfield>
  </datafield>
  <datafield tag="952" ind1=" " ind2=" ">
    <subfield code="0">0</subfield>
    <subfield code="1">0</subfield>
    <subfield code="2">lcc</subfield>
    <subfield code="4">0</subfield>
    <subfield code="7">0</subfield>
    <subfield code="a">WIUC-1</subfield>
    <subfield code="b">WIUC-1</subfield>
    <subfield code="c">GEN</subfield>
    <subfield code="d">2011-11-08</subfield>
    <subfield code="l">0</subfield>
    <subfield code="o">HB171.5.B357</subfield>
    <subfield code="p">701/11</subfield>
    <subfield code="r">2011-11-08 00:00:00</subfield>
    <subfield code="t">8</subfield>
    <subfield code="w">2011-11-08</subfield>
    <subfield code="y">BK</subfield>
  </datafield>
  <datafield tag="952" ind1=" " ind2=" ">
    <subfield code="0">0</subfield>
    <subfield code="1">0</subfield>
    <subfield code="2">lcc</subfield>
    <subfield code="4">0</subfield>
    <subfield code="7">0</subfield>
    <subfield code="a">WIUC-1</subfield>
    <subfield code="b">WIUC-1</subfield>
    <subfield code="c">GEN</subfield>
    <subfield code="d">2011-11-08</subfield>
    <subfield code="l">0</subfield>
    <subfield code="o">HB171.5.B358</subfield>
    <subfield code="p">702/11</subfield>
    <subfield code="r">2011-11-08 00:00:00</subfield>
    <subfield code="t">9</subfield>
    <subfield code="w">2011-11-08</subfield>
    <subfield code="y">BK</subfield>
  </datafield>
  <datafield tag="952" ind1=" " ind2=" ">
    <subfield code="0">0</subfield>
    <subfield code="1">0</subfield>
    <subfield code="2">lcc</subfield>
    <subfield code="4">0</subfield>
    <subfield code="7">0</subfield>
    <subfield code="a">WIUC-1</subfield>
    <subfield code="b">WIUC-1</subfield>
    <subfield code="c">GEN</subfield>
    <subfield code="d">2011-11-08</subfield>
    <subfield code="l">0</subfield>
    <subfield code="o">HB171.5.B359</subfield>
    <subfield code="p">703/11</subfield>
    <subfield code="r">2011-11-08 00:00:00</subfield>
    <subfield code="t">10</subfield>
    <subfield code="w">2011-11-08</subfield>
    <subfield code="y">BK</subfield>
  </datafield>
</record>
